000 00611cam a2200205 4500500
005 20260329003054.0
041 _afre
042 _adc
100 1 0 _aWebb, Samuel
_eauthor
245 0 0 _aDe Homère à Steve Jobs. Une contre-histoire de l’intelligence
260 _c2014.
500 _a24
690 _aBêtise
690 _agénie
690 _aIdentité
690 _aintelligence
690 _aQI
786 0 _nPhilosophie magazine | 82 | 9 | 2014-09-01 | p. 41-44 | 1951-1787
856 4 1 _uhttps://shs.cairn.info/magazine-philosophie-magazine-2014-9-page-41?lang=fr&redirect-ssocas=7080
999 _c1821184
_d1821184